000 01452cam a22004097a 4500
003 CHAP
005 20220817043851.0
008 010926s2000 mx r 00010 spa d
010 _a86546
011 _a87518
035 _a98062
040 _cCHAP
082 0 4 _a338.19
_bP5
100 0 0 _aPinstrup-Andersen, Per.
_988281
245 1 3 _aLa agenda inconclusa :
_bperspectivas para superar el hambre, la pobreza y la degradación ambiental
_c/ed. por Per Pinstrup-Andersen y Rajul Pandya-Lorch
260 _aWashington, D.C. :
_bInstituto Internacional de Investigación sobre Políticas Alimentarias,
_c2002.
300 _a301 p.
590 _aBATCH-UPD
_b10
_c20130109
_lUCH01
_h2356
590 _aBATCH-UPD
_b10
_c20130110
_lUCH01
_h0635
590 _aBATCH-UPD
_b10
_c20130410
_lUCH01
_h0319
590 _aBATCH-UPD
_b10
_c20130913
_lUCH01
_h2223
590 _aCONVERSION
_b10
_c20130109
_lUCH01
_h1348
650 0 4 _aAgricultura sustentable.
650 0 4 _aAlimentos
_xAbastecimiento.
650 0 4 _aGlobalización.
_948300
650 0 4 _aHambre.
_952413
650 0 4 _aMedio ambiente
_xProtección.
_974106
650 0 4 _aNutrición.
_982246
650 0 4 _aPobreza.
_989463
650 0 4 _aPolítica alimentaria.
_990389
650 0 4 _aSuelos agrícolas.
_9110531
700 0 _aPandya-Lorch, Rajul.
_985074
901 _aBK
905 _aAlejandra Carrasco M.
942 _cLIBRO
949 _a338.19 P5
_bBC
_cLIBRO
_d33724000872727
_eLIBRO
_h103252
_i98062
_si
999 _c86546
_d86546